000 01076cam a2200301 a 4500
005 20260322212057.0
008 data
010 _a 2008277720
020 _a9780312368548 (pbk.)
020 _a0312368542 (pbk.)
040 _aDLC
_cDLC
042 _alcac
050 0 0 _aPZ7.L5385
_bWi 2007
082 0 0 _a[Fic]
_222
100 1 _aL'Engle, Madeleine.
245 1 2 _aA wind in the door /
_cMadeleine L'Engle.
250 _a1st Square Fish ed.
260 _aNew York :
_bSquare Fish,
_c2007.
300 _a245 p. :
_c20 cm.
490 0 _aTime quintet ;
_vbk. 2
500 _aSequel to: A wrinkle in time.
520 _aWith Meg Murry's help, the dragons her six-year-old brother saw in the vegetable garden play an important part in his struggle between life and death.
650 1 _aScience fiction.
906 _a7
_bcbc
_corignew
_d1
_encip
_f20
_gy-gencatlg
925 0 _aacquire
_b1 shelf copy
_xpolicy default
001 data
999 _c1375
_d1375